| 000 | 01084cam a2200301 a 4500 | ||
|---|---|---|---|
| 003 | CO-ViMGA | ||
| 005 | 20230915234239.0 | ||
| 008 | 040807s2005 ck a jr 00010 spa d | ||
| 020 | _a958301544X | ||
| 040 |
_aCO-ViMGA _bspa _cCO-ViMGA |
||
| 041 | 1 | _heng | |
| 082 | 0 | 4 |
_aI537 _bS31e _220 ed. |
| 100 | 1 |
_aSearle, Bobbi. _96717 |
|
| 245 | 1 | 0 |
_aElectricidad y magnetismo / _cBobbi Searle ; ilustraciones Andrew Geeson, Catherine Ward y Peter Wilks ; traducción Gloria Inés Múnera. |
| 260 |
_aBogotá : _bPanamericana Editorial, _c2005. |
||
| 300 |
_a48 p. : _bil. ; _c27 cm. |
||
| 500 | _aIncluye glosario. | ||
| 500 | _aIncluye índice. | ||
| 534 |
_pTítulo original. : _tElectricity and magnetism. |
||
| 650 | 1 | 4 |
_aMagnetismo _x Enseñanza primaria. _96719 |
| 650 | 1 | 4 |
_aCiencia recreativa. _96720 |
| 650 | 1 | 4 |
_aElectricidad _x Experimentos _x Enseñanza primaria. _96718 |
| 700 | 1 |
_aGeeson, Andrew, _eil. _96721 |
|
| 700 | 1 |
_aMúnera, Gloria Inés, _etr. _96724 |
|
| 700 | 1 |
_aWard, Catherine, _eil. _96722 |
|
| 700 | 1 |
_aWilks, Peter, _eil. _96723 |
|
| 942 |
_2ddc _cBK |
||
| 999 |
_c37342 _d37342 |
||